000 00619cam a2200145 4500500
005 20260208010540.0
041 _afre
042 _adc
100 1 0 _aLarivée, Annie
_eauthor
245 0 0 _aMichel Narcy (éd.), Les Lois de Platon (Revue française d’histoire des idées politiques, no 16, 2e semestre 2002), Paris, Picard, 2003, p. 226-448, 28 E.
260 _c2005.
500 _a25
786 0 _nRevue philosophique de la France et de l'étranger | 130 | 1 | 2005-03-01 | p. 77ze-130ze | 0035-3833
856 4 1 _uhttps://shs.cairn.info/revue-philosophique-2005-1-page-77ze?lang=fr&redirect-ssocas=7080
999 _c1657069
_d1657069